00413nam a2200121Ia 4500008004000000020001800040082001800058100002100076245010100097260005200198300001200250650002900262210210b2006 xxu||||| |||| 00| 0 eng d a81 250 3009 3 a279.5483 ZACS aZACHARIAH (K C). aSyrian christians of Kerala: Demographic and socio-economic transition in the twentieth century. aHyderabadbOrient Longman Private Limitedc2006 axvi,300 aSyrian Christians Kerala